000 00668nam a2200205 i 4500
001 147747
003 ES-MaACL
007 t|
008 071005s1972 sp ||||1| spa d
080 _a860-992"19"
080 _a799.2(6)(0:860-3)
100 1 _aUrquijo, Alfonso de.
_9112204
245 1 3 _aLa orilla opuesta /
_cAlfonso de Urquijo ; ilustraciones de Javier Sánchez Cuenca y cartografía: Carlos Calvo.
260 _aBarcelona, etc. :
_bLabor,
_c[1972]
300 _a183 p. :
_bil. ;
_c25 cm.
700 1 _aSánchez Cuenca, Javier.
_9102563
700 1 _aCalvo, Carlos.
_933834
852 _aES-MaACL
_jE-9690
_bR.94338
852 _aES-MaACL
_jE-9691
_bR.94339
999 _c147747
_d147747